000 00354nam a22001337a 4500
020 _a0-7002-2463-7
082 _a621.38152 NAV'S
100 _aNANAVATI, R. P
_978138
245 _aSEMICONDUCTOR DEVICES BJTS JFETS MOSFETS AND INTEGRATED CIRCUITS
260 _aNEWYORK
_bINTEXT
_c1975
300 _a514P
650 _aSEMICONDUCTOR
_978139
942 _cBK
999 _c583299
_d583299